Pokus o definovanie pojmov "verbo-nominálne spojenie" a "funkčné sloveso"

Autorka sa vo svojej stati zaoberá problematikou verbo-nominálnych spojení a funkčných slovies, ktoré možno jednoznačne zaradiť k jazykovým javom s častým výskytom. Autorka predstavuje názory niektorých nemeckých lingvistov na túto problematiku a následne sa pokúša podať vlastnú definíciu pojmov.

Saved in:
Bibliographic Details
Main Author: Seresová, Katarína, 1967-
Format: Book Chapter
Language:Slovak
Subjects:
Tags: Add Tag
No Tags, Be the first to tag this record!

MARC

LEADER 00000nla$a2200000$$$4500
001 0113524
005 20240502072249.0
041 0 |a slo 
044 |a SK 
245 1 0 |a Pokus o definovanie pojmov "verbo-nominálne spojenie" a "funkčné sloveso"  |c Katarína Seresová 
520 |a Autorka sa vo svojej stati zaoberá problematikou verbo-nominálnych spojení a funkčných slovies, ktoré možno jednoznačne zaradiť k jazykovým javom s častým výskytom. Autorka predstavuje názory niektorých nemeckých lingvistov na túto problematiku a následne sa pokúša podať vlastnú definíciu pojmov. 
610 2 0 |a jazykoveda 
610 2 0 |a pojmy 
610 2 0 |a definície 
100 1 |a Seresová, Katarína, 1967-